000 00520nam a22001937a 4500
003 OSt
005 20241016152014.0
008 241016b |||||||| |||| 00| 0 eng d
020 _a9781119637585
040 _cNLM
082 _aW322 M467c 2021
100 _aEidted by Cockerham, William C.
_919269
245 _a Medical Sociology
260 _aNew Jersey; John Wiley, c,2021
300 _axxii,616p; ill: 25cm
504 _aReferences, & index included
650 _amedical sociology
_99690
942 _2z
_cO_SHELF
999 _c9446
_d9446